Priemyselná výroba – pilier ekonomického rastu

Dobrý daňový systém, voľný a spravodlivý obchod, rozvoj vzdelávania, energetická efektívnosť, technológie a inovácie – to sú faktory úspešnej stratégie modernej priemyselnej výroby.

Na minha lista:
Detalhes bibliográficos
Formato: Capítulo de Livro
Idioma:eslovaco
Assuntos:
Tags: Adicionar Tag
Sem tags, seja o primeiro a adicionar uma tag!

MARC

LEADER 00000naa a2200000 4500
001 0181184
005 20220725111556.1
041 0 |a slo 
044 |a SK 
245 1 0 |a Priemyselná výroba – pilier ekonomického rastu 
520 |a Dobrý daňový systém, voľný a spravodlivý obchod, rozvoj vzdelávania, energetická efektívnosť, technológie a inovácie – to sú faktory úspešnej stratégie modernej priemyselnej výroby. 
610 2 0 |a miesta pracovné 
610 2 0 |a výroba priemyselná 
610 2 0 |a rast hospodársky 
610 2 0 |a inovácia 
610 2 0 |a sily pracovné 
610 2 0 |a politika hospodárska